00469nam a22001457a 4500008004100000082001700041110002400058245006600082260003500148300001000183440001000193942001200203999001300215952009500228230606b xxu||||| |||| 00| 0 eng d a341.050bGRA bNew York University aNew York University Journal of International Law and Politics aUSAbNew York Universityc2007 a1006p n4v39 2ddccBK c691d691 00102ddc4070a001b001d2023-06-06l0o341.050 GRAp1001462r2023-06-06w2023-06-06yBK